[Event "EWIBCC 2019"]
[Site "Monte-Carlo"]
[Date "2019.11.29"]
[Round "11.11"]
[White "Gaponenko, Inna"]
[Black "Dornbusch, Tatiana"]
[Result "1/2-1/2"]
[WhiteElo "2427"]
[BlackElo "2269"]
[Annotator "NA"]
[PlyCount "77"]
[EventDate "2019.11.29"]
[EventType "swiss"]
[EventCountry "MNC"]
[SourceTitle "playchess.com"]
[Source "ChessBase"]
[SourceQuality "1"]
[TimeControl "180+2"]

1. e4 {[%emt 0:00:00]} Nf6 {[%emt 0:00:00]} 2. e5 {[%emt 0:00:00]} Nd5 {[%emt 0:00:00]} 3. c4 {[%emt 0:00:01]} Nb6 {[%emt 0:00:02]} 4. c5 {[%emt 0:00:01]} Nd5 {[%emt 0:00:01]} 5. d4 {[%emt 0:00:01]} d6 {[%emt 0:00:04]} 6. cxd6 {[%emt 0:00:01]} exd6 {[%emt 0:00:05]} 7. Nf3 {[%emt 0:00:01]} dxe5 {[%emt 0:00:20]} 8. dxe5 {[%emt 0:00:12]} Bb4+ {[%emt 0:00:03]} 9. Bd2 {[%emt 0:00:02]} O-O {[%emt 0:00:14]} 10. Bc4 {[%emt 0:00:28]} Bxd2+ {[%emt 0:00:23]} 11. Nbxd2 {[%emt 0:00:07]} Nf4 {[%emt 0:00:24]} 12. O-O {[%emt 0:00:04]} Nc6 {[%emt 0:00:09]} 13. Qc2 {[%emt 0:00:15]} Be6 {[%emt 0:00:25]} 14. Qe4 {[%emt 0:01:03]} Bxc4 {[%emt 0:00:01]} 15. Nxc4 {[%emt 0:00:01]} Ne6 {[%emt 0:00:03]} 16. Rad1 {[%emt 0:00:04]} Qe7 {[%emt 0:00:01]} 17. a3 {[%emt 0:00:01]} a5 {[%emt 0:00:07]} 18. Qd5 {[%emt 0:00:14]} Rfd8 {[%emt 0:00:34]} 19. Qb5 {[%emt 0:00:02]} Qc5 {[%emt 0:00:00]} 20. Qxc5 {[%emt 0:00:11]} Nxc5 {[%emt 0:00:01]} 21. g3 {[%emt 0:00:08]} a4 {[%emt 0:00:03]} 22. Kg2 {[%emt 0:00:04]} b5 {[%emt 0:00:06]} 23. Ne3 {[%emt 0:00:03]} Nd3 {[%emt 0:00:02]} 24. Nf5 {[%emt 0:00:37]} Ncxe5 {[%emt 0:00:04]} 25. Nxe5 {[%emt 0:00:02]} Nxe5 {[%emt 0:00:01]} 26. Rc1 {[%emt 0:00:01]} Nc4 {[%emt 0:00:02]} 27. Rc2 {[%emt 0:00:02]} g6 {[%emt 0:00:04]} 28. Nh4 {[%emt 0:00:03]} Rd2 {[%emt 0:00:06]} 29. Rxd2 {[%emt 0:00:02]} Nxd2 {[%emt 0:00:01]} 30. Rc1 {[%emt 0:00:02]} Nc4 {[%emt 0:00:00]} 31. Rc2 {[%emt 0:00:01]} Rd8 {[%emt 0:00:02]} 32. Nf3 {[%emt 0:00:01]} c5 {[%emt 0:00:01]} 33. Kf1 {[%emt 0:00:02]} Kf8 {[%emt 0:00:06]} 34. Ke2 {[%emt 0:00:02]} h5 {[%emt 0:00:02]} 35. h4 {[%emt 0:00:02]} Re8+ {[%emt 0:00:02]} 36. Kd3 {[%emt 0:00:03]} Rd8+ {[%emt 0:00:02]} 37. Ke2 {[%emt 0:00:01]} Re8+ {[%emt 0:00:06]} 38. Kd3 {[%emt 0:00:01]} Rd8+ {[%emt 0:00:01]} 39. Ke4 {[%emt 0:00:12]} 1/2-1/2

[Event "EWIBCC 2019"]
[Site "Monte-Carlo"]
[Date "2019.11.29"]
[Round "11.12"]
[White "Babiy, Olga"]
[Black "Doluhanova, Evgeniya"]
[Result "1/2-1/2"]
[WhiteElo "2249"]
[BlackElo "2276"]
[Annotator "ChessBase"]
[PlyCount "118"]
[EventDate "2019.11.29"]
[EventType "swiss"]
[EventCountry "MNC"]
[SourceTitle "playchess.com"]
[Source "ChessBase"]
[SourceQuality "1"]
[TimeControl "180+2"]

1. e4 {[%emt 0:00:00]} e5 {[%emt 0:00:02]} 2. Nf3 {[%emt 0:00:00]} Nc6 {[%emt 0:00:01]} 3. Bc4 {[%emt 0:00:00]} Bc5 {[%emt 0:00:02]} 4. c3 {[%emt 0:00:01]} d6 {[%emt 0:00:07]} 5. b4 {[%emt 0:00:02]} Bb6 {[%emt 0:00:01]} 6. a4 {[%emt 0:00:01]} a5 {[%emt 0:00:06]} 7. b5 {[%emt 0:00:01]} Nce7 {[%emt 0:00:02]} 8. d3 {[%emt 0:00:05]} Nf6 {[%emt 0:00:16]} 9. h3 {[%emt 0:00:03]} Be6 {[%emt 0:00:26]} 10. Nbd2 {[%emt 0:00:02]} c6 {[%emt 0:00:16]} 11. O-O {[%emt 0:00:12]} O-O {[%emt 0:00:09]} 12. Re1 {[%emt 0:00:28]} d5 {[%emt 0:00:11]} 13. exd5 {[%emt 0:00:34]} cxd5 {[%emt 0:00:02]} 14. Ba2 {[%emt 0:00:01]} e4 {[%emt 0:00:08]} 15. dxe4 {[%emt 0:01:07]} dxe4 {[%emt 0:00:01]} 16. Bxe6 {[%emt 0:00:01]} exf3 {[%emt 0:00:10]} 17. Ba2 {[%emt 0:00:01]} fxg2 {[%emt 0:00:07]} 18. Ba3 {[%emt 0:00:02]} Re8 {[%emt 0:00:12]} 19. Ne4 {[%emt 0:00:09]} Nxe4 {[%emt 0:00:13]} 20. Rxe4 {[%emt 0:00:05]} Ng6 {[%emt 0:00:27]} 21. Qf3 {[%emt 0:00:10]} Qf6 {[%emt 0:00:18]} 22. Qxf6 {[%emt 0:00:13]} gxf6 {[%emt 0:00:01]} 23. Rae1 {[%emt 0:00:01]} Rxe4 {[%emt 0:00:13]} 24. Rxe4 {[%emt 0:00:01]} Rc8 {[%emt 0:00:03]} 25. c4 {[%emt 0:00:12]} Kg7 {[%emt 0:00:03]} 26. Kxg2 {[%emt 0:00:02]} Rd8 {[%emt 0:00:03]} 27. c5 {[%emt 0:00:02]} Bc7 {[%emt 0:00:01]} 28. Bc4 {[%emt 0:00:07]} Be5 {[%emt 0:00:02]} 29. c6 {[%emt 0:00:03]} bxc6 {[%emt 0:00:02]} 30. bxc6 {[%emt 0:00:01]} Nf4+ {[%emt 0:00:02]} 31. Kf3 {[%emt 0:00:03]} Rc8 {[%emt 0:00:02]} 32. Bb5 {[%emt 0:00:02]} Ne6 {[%emt 0:00:02]} 33. Rg4+ {[%emt 0:00:07]} Kh6 {[%emt 0:00:03]} 34. Kg2 {[%emt 0:00:03]} Nf4+ {[%emt 0:00:04]} 35. Kf3 {[%emt 0:00:02]} Ne6 {[%emt 0:00:02]} 36. Rc4 {[%emt 0:00:01]} Nd4+ {[%emt 0:00:05]} 37. Ke4 {[%emt 0:00:02]} Ne6 {[%emt 0:00:01]} 38. Bc1+ {[%emt 0:00:03]} Kg6 {[%emt 0:00:01]} 39. Bd2 {[%emt 0:00:01]} Bc7 {[%emt 0:00:03]} 40. Kf3 {[%emt 0:00:02]} Ng5+ {[%emt 0:00:01]} 41. Ke2 {[%emt 0:00:02]} Re8+ {[%emt 0:00:02]} 42. Be3 {[%emt 0:00:01]} Ne6 {[%emt 0:00:01]} 43. h4 {[%emt 0:00:00]} f5 {[%emt 0:00:01]} 44. Rc1 {[%emt 0:00:01]} f4 {[%emt 0:00:01]} 45. Ba7 {[%emt 0:00:02]} Nd4+ {[%emt 0:00:02]} 46. Kd3 {[%emt 0:00:00]} Ne6 {[%emt 0:00:03]} 47. Rg1+ {[%emt 0:00:01]} Kf5 {[%emt 0:00:01]} 48. Kc4 {[%emt 0:00:03]} Nd8 {[%emt 0:00:02]} 49. Bd4 {[%emt 0:00:02]} Re4 {[%emt 0:00:02]} 50. Rg5+ {[%emt 0:00:01]} Ke6 {[%emt 0:00:01]} 51. Kd3 {[%emt 0:00:16]} Re1 {[%emt 0:00:02]} 52. Bc4+ {[%emt 0:00:00]} Ke7 {[%emt 0:00:02]} 53. Bc5+ {[%emt 0:00:00]} Bd6 {[%emt 0:00:01]} 54. Bxd6+ {[%emt 0:00:00]} Kxd6 {[%emt 0:00:01]} 55. Rd5+ {[%emt 0:00:00]} Kc7 {[%emt 0:00:02]} 56. Rf5 {[%emt 0:00:00]} Kxc6 {[%emt 0:00:03]} 57. Rxf4 {[%emt 0:00:01]} Rd1+ {[%emt 0:00:01]} 58. Kc2 {[%emt 0:00:01]} Rd6 {[%emt 0:00:02]} 59. Bxf7 {[%emt 0:00:05]} Nxf7 {[%emt 0:00:08] Kd3} 1/2-1/2

[Event "EWIBCC 2019"]
[Site "Monte-Carlo"]
[Date "2019.11.29"]
[Round "11.13"]
[White "Muetsch, Annmarie"]
[Black "Berend, Elvira"]
[Result "0-1"]
[WhiteElo "2240"]
[BlackElo "2349"]
[Annotator "NA"]
[PlyCount "54"]
[EventDate "2019.11.29"]
[EventType "swiss"]
[EventCountry "MNC"]
[SourceTitle "playchess.com"]
[Source "ChessBase"]
[SourceQuality "1"]
[TimeControl "180+2"]

1. e4 {[%emt 0:00:00]} c5 {[%emt 0:00:01]} 2. Nf3 {[%emt 0:00:02]} e6 {[%emt 0:00:04]} 3. d4 {[%emt 0:00:02]} cxd4 {[%emt 0:00:01]} 4. Nxd4 {[%emt 0:00:01]} Nf6 {[%emt 0:00:01]} 5. Nc3 {[%emt 0:00:02]} d6 {[%emt 0:00:01]} 6. Be3 {[%emt 0:00:06]} Be7 {[%emt 0:00:04]} 7. g4 {[%emt 0:00:06]} a6 {[%emt 0:00:03]} 8. g5 {[%emt 0:00:04]} Nfd7 {[%emt 0:00:01]} 9. h4 {[%emt 0:00:01]} Nc6 {[%emt 0:00:06]} 10. Bg2 {[%emt 0:00:10]} Nde5 {[%emt 0:00:08]} 11. Qe2 {[%emt 0:00:31]} Bd7 {[%emt 0:00:59]} 12. f4 {[%emt 0:00:13]} Ng6 {[%emt 0:00:15]} 13. Nxc6 {[%emt 0:00:07]} Bxc6 {[%emt 0:00:01]} 14. h5 {[%emt 0:00:12]} Nf8 {[%emt 0:00:01]} 15. O-O-O {[%emt 0:00:17]} Qa5 {[%emt 0:00:03]} 16. Kb1 {[%emt 0:00:19]} Nd7 {[%emt 0:00:04]} 17. g6 {[%emt 0:00:08]} fxg6 {[%emt 0:00:11]} 18. hxg6 {[%emt 0:00:03]} h6 {[%emt 0:00:00]} 19. Qg4 {[%emt 0:00:07]} Nf8 {[%emt 0:00:08]} 20. f5 {[%emt 0:00:06]} Bf6 {[%emt 0:00:13]} 21. Bd4 {[%emt 0:00:07]} Bxd4 {[%emt 0:00:25]} 22. Rxd4 {[%emt 0:00:01]} Qe5 {[%emt 0:00:01]} 23. Rhd1 {[%emt 0:00:11]} O-O-O {[%emt 0:00:01]} 24. Bh3 {[%emt 0:00:09]} h5 {[%emt 0:00:08]} 25. Qg5 {[%emt 0:00:05]} Kc7 {[%emt 0:00:08]} 26. a4 {[%emt 0:00:17]} h4 {[%emt 0:00:07]} 27. b3 {[%emt 0:00:05]} Nd7 {[%emt 0:00:39]} 0-1

[Event "EWIBCC 2019"]
[Site "Monte-Carlo"]
[Date "2019.11.29"]
[Round "11.14"]
[White "Berzina, Ilze"]
[Black "Benmesbah, Natacha"]
[Result "0-1"]
[WhiteElo "2211"]
[BlackElo "2265"]
[Annotator "NA"]
[PlyCount "68"]
[EventDate "2019.11.29"]
[EventType "swiss"]
[EventCountry "MNC"]
[SourceTitle "playchess.com"]
[Source "ChessBase"]
[SourceQuality "1"]
[TimeControl "180+2"]

1. e4 {[%emt 0:00:00]} c5 {[%emt 0:00:00]} 2. Nf3 {[%emt 0:00:00]} Nc6 {[%emt 0:00:00]} 3. Bb5 {[%emt 0:00:01]} g6 {[%emt 0:00:01]} 4. O-O {[%emt 0:00:02]} Bg7 {[%emt 0:00:02]} 5. Re1 {[%emt 0:00:02]} Nf6 {[%emt 0:00:01]} 6. e5 {[%emt 0:00:01]} Nd5 {[%emt 0:00:01]} 7. Nc3 {[%emt 0:00:00]} Nc7 {[%emt 0:00:02]} 8. Bxc6 {[%emt 0:00:02]} dxc6 {[%emt 0:00:00]} 9. Ne4 {[%emt 0:00:01]} b6 {[%emt 0:00:01]} 10. Nf6+ {[%emt 0:00:02]} Kf8 {[%emt 0:00:01]} 11. Ne4 {[%emt 0:00:01]} Bg4 {[%emt 0:00:03]} 12. Ng3 {[%emt 0:00:04]} Ne6 {[%emt 0:00:38]} 13. h3 {[%emt 0:00:18]} Bxf3 {[%emt 0:00:05]} 14. Qxf3 {[%emt 0:00:01]} Qd5 {[%emt 0:00:01]} 15. Qxd5 {[%emt 0:00:41]} cxd5 {[%emt 0:00:02]} 16. c3 {[%emt 0:00:09]} c4 {[%emt 0:00:11]} 17. d4 {[%emt 0:00:18]} cxd3 {[%emt 0:00:02]} 18. b4 {[%emt 0:00:16]} Rc8 {[%emt 0:00:07]} 19. Bb2 {[%emt 0:00:10]} Nf4 {[%emt 0:01:14]} 20. Rad1 {[%emt 0:00:05]} e6 {[%emt 0:00:12]} 21. Bc1 {[%emt 0:00:06]} d2 {[%emt 0:00:14]} 22. Rxd2 {[%emt 0:00:45]} Rxc3 {[%emt 0:00:01]} 23. Bb2 {[%emt 0:00:07]} Rc4 {[%emt 0:00:04]} 24. Rc1 {[%emt 0:00:15]} Ke7 {[%emt 0:00:12]} 25. Rxc4 {[%emt 0:00:05]} dxc4 {[%emt 0:00:01]} 26. Ne4 {[%emt 0:00:07]} Nd3 {[%emt 0:00:05]} 27. Bc3 {[%emt 0:00:04]} Bxe5 {[%emt 0:00:04]} 28. Rxd3 {[%emt 0:00:02]} cxd3 {[%emt 0:00:02]} 29. Bxe5 {[%emt 0:00:02]} Rc8 {[%emt 0:00:01]} 30. Bf6+ {[%emt 0:00:05]} Kd7 {[%emt 0:00:00]} 31. Bc3 {[%emt 0:00:01]} f5 {[%emt 0:00:02]} 32. Nf6+ {[%emt 0:00:03]} Ke7 {[%emt 0:00:01]} 33. Be5 {[%emt 0:00:03]} Rc1+ {[%emt 0:00:01]} 34. Kh2 {[%emt 0:00:01]} d2 {[%emt 0:00:01]} 0-1

[Event "EWIBCC 2019"]
[Site "Monte-Carlo"]
[Date "2019.11.29"]
[Round "11.15"]
[White "Skuhala, Barbara"]
[Black "Chiburdanidze, Maia"]
[Result "0-1"]
[WhiteElo "2109"]
[BlackElo "2500"]
[Annotator "TA"]
[PlyCount "31"]
[EventDate "2019.11.29"]
[EventType "swiss"]
[EventCountry "MNC"]
[SourceTitle "playchess.com"]
[Source "ChessBase"]
[SourceQuality "1"]

{[%evp 11,31,-7,8,-15,-2,-2,0,0,0,-6,-8,0,-4,-16,0,-27,-3,-5,0,-7,0,-10]} 1. e4 e6 2. d4 d5 3. Nc3 dxe4 4. Nxe4 Nd7 5. Nf3 Ngf6 6. Ng3 Be7 7. c3 {C10: French with 3 Nc3: Unusual Black 3rd moves and 3...dxe4} (7. Bd3 b6 8. Qe2 Bb7 9. Be3 O-O 10. O-O-O a5 11. Ne5 Qc8 12. f4 Rd8 13. f5 Nf8 14. Rhf1 c5 15. dxc5 Nd5 {1-0 (45) Stanojoski,Z (2444)-Stojkoski,A (2223) Ohrid 2016}) 7... O-O 8. Bd3 b6 {[%cal Bb7b6,Bb6b5,Bb5b4][%mdl 32]} 9. O-O Bb7 10. Re1 c5 11. Qe2 Qc7 12. Be3 a6 $146 ({Predecessor:} 12... Rfe8 13. dxc5 Nxc5 14. Bc2 Rad8 15. Bd4 Qc6 16. b4 Ncd7 17. Bd3 Qc8 {0-1 (46) Shashi,N (1605)-Pimpalkhare,V (1854) Kankarbagh 2015}) 13. Rac1 b5 14. c4 {The position is equal.} b4 15. b3 Rfe8 16. Bb1 {[%mdl 32768] Accuracy: White = 68%, Black = 31%. . Loss on time!?} 0-1

[Event "EWIBCC 2019"]
[Site "Monte-Carlo"]
[Date "2019.11.29"]
[Round "11.16"]
[White "Petrova, Irina"]
[Black "Girya, Olga"]
[Result "0-1"]
[WhiteElo "2109"]
[BlackElo "2476"]
[Annotator "TA"]
[PlyCount "140"]
[EventDate "2019.11.29"]
[EventType "swiss"]
[EventCountry "MNC"]
[SourceTitle "playchess.com"]
[Source "ChessBase"]
[SourceQuality "1"]

{[%evp 9,140,0,0,0,6,0,31,0,0,-13,0,0,-5,-8,0,0,0,0,0,0,10,0,9,0,24,-16,0,0,0,0,0,-20,-20,-27,-21,-38,-26,-47,-51,-59,-52,-47,-48,-78,-79,-79,-79,-112,-50,-54,-32,-39,-24,-38,-38,-38,-24,-24,-24,-24,-24,-92,-24,-25,0,-87,-24,-27,-32,-43,0,-24,0,0,0,-17,-16,-52,0,0,0,-14,0,0,0,-25,0,0,0,0,0,0,0,-15,0,-121,0,0,0,0,0,0,0,0,0,0,0,0,0,0,0,0,0,0,0,0,0,0,0,0,0,-16,0,-18,-18,-23,-50,-44,0,0,0,-70,-68]} 1. d4 Nf6 2. Bg5 d5 3. Nd2 c5 4. e3 cxd4 (4... Nc6 5. c3 e6 6. Ngf3 Be7 7. Bd3 b6 8. O-O Bb7 9. a4 O-O 10. Ne5 Nxe5 11. dxe5 Ne4 12. Bxe7 Qxe7 13. Bxe4 dxe4 14. Qg4 Qc7 15. Nc4 {½-½ (33) Artemiev,V (2746)-Le,Q (2708) Khanty-Mansiysk 2019}) 5. exd4 Nc6 6. c3 {D00: 1 d4 d5: Unusual lines} Bf5 7. Ngf3 e6 8. Be2 {White is slightly better.} h6 9. Bh4 Be7 10. O-O $146 ({Predecessor:} 10. Nb3 Ne4 11. Bg3 O-O 12. Ne5 Nxe5 13. Bxe5 Bd6 14. Bxd6 Qxd6 {1-0 (45) Frederiksen,H (2140)-Ohayv,N (1906) Copenhagen 2004}) 10... O-O 11. Ne5 Nxe5 12. dxe5 Nd7 13. Bxe7 Qxe7 14. f4 Rfd8 15. Nf3 Be4 16. Nd4 Nb8 17. Bf3 Bxf3 18. Rxf3 Nc6 19. Rg3 Nxd4 20. Qxd4 Rdc8 21. Rf1 Rc4 22. Qd1 g6 23. Rh3 Kg7 24. Qd2 h5 25. Rg3 Re4 26. Re3 Qc5 27. Rff3 Rc8 28. g3 Qb6 (28... d4 $17 29. Rxe4 dxc3+ 30. Qe3 (30. Qf2 cxb2 31. Rb3 {[%mdl 64] Double Attack} Qc1+ 32. Re1 Rc2 $17) 30... cxb2) 29. Kg2 $15 Rxe3 (29... Rec4 {is more complex.} 30. Rd3 Qc6 31. Qf2 a5 32. h3 Re4) 30. Rxe3 {[%mdl 4096] Endgame KQR-KQR} Rc4 31. Rd3 Qa6 32. a3 Re4 33. Re3 Qc4 34. Rxe4 Qxe4+ $11 {KQ-KQ} 35. Kg1 (35. Kf2 $11) 35... Qb1+ (35... g5 $1 $17) 36. Kg2 Qe4+ (36... g5 $11) 37. Kg1 $17 {[#]} b6 (37... g5 $1 $17) 38. Kf2 Qh1 39. Ke3 Qe4+ 40. Kf2 Qb1 41. Kg2 Kg8 42. Qf2 Qe4+ 43. Kg1 Qd3 (43... Kg7 $15) 44. Kg2 $11 Kf8 45. Kg1 Kg7 46. Kg2 Qe4+ 47. Kg1 Qd3 48. Kg2 Qd1 49. Qf3 Qc2+ 50. Qf2 Qe4+ 51. Kg1 g5 52. h3 {[#]} (52. fxg5 $11 Qxe5 53. h4) 52... gxf4 ({Better is} 52... g4 $1 $17) 53. gxf4 Qb1+ 54. Kh2 Qf5 55. Qg3+ Kf8 56. Qf2 Qe4 57. Kg3 Qd3+ 58. Kh4 Qf5 59. Kg3 Ke7 60. Kh2 f6 61. exf6+ Qxf6 62. Kg3 Qf5 63. Qd4 Kf7 64. Qf2 Qe4 65. Kh2 Qf5 66. Qd4 Qc2+ 67. Kg3 Qxb2 68. Qe5 Qxa3 {Hoping for ...h4+!} (68... h4+ $5 69. Kxh4 Qxa3 70. Qh5+ Ke7 $17) 69. Qxh5+ Ke7 70. Qg5+ ({White should play} 70. Qe5 $11) 70... Kd7 {Accuracy: White = 59%, Black = 45%.} 0-1

[Event "EWIBCC 2019"]
[Site "Monte-Carlo"]
[Date "2019.11.29"]
[Round "11.17"]
[White "Antova, Gabriela"]
[Black "Socko, Monika"]
[Result "1/2-1/2"]
[WhiteElo "2306"]
[BlackElo "2417"]
[Annotator "ChessBase"]
[PlyCount "81"]
[EventDate "2019.11.29"]
[EventType "swiss"]
[EventCountry "MNC"]
[SourceTitle "playchess.com"]
[Source "ChessBase"]
[SourceQuality "1"]
[TimeControl "180+2"]

1. d4 {[%emt 0:00:00]} Nf6 {[%emt 0:00:00]} 2. c4 {[%emt 0:00:00]} e6 {[%emt 0:00:00]} 3. Nf3 {[%emt 0:00:02]} Bb4+ {[%emt 0:00:01]} 4. Nbd2 {[%emt 0:00:02]} a5 {[%emt 0:00:01]} 5. a3 {[%emt 0:00:04]} Be7 {[%emt 0:00:01]} 6. e4 {[%emt 0:00:04]} d5 {[%emt 0:00:01]} 7. e5 {[%emt 0:00:09]} Ne4 {[%emt 0:00:01]} 8. Bd3 {[%emt 0:00:41]} Nxd2 {[%emt 0:00:02]} 9. Bxd2 {[%emt 0:00:03]} dxc4 {[%emt 0:00:11]} 10. Bxc4 {[%emt 0:02:15]} b6 {[%emt 0:00:01]} 11. O-O {[%emt 0:00:00]} Ba6 {[%emt 0:00:09]} 12. Rc1 {[%emt 0:00:00]} O-O {[%emt 0:00:08]} 13. Be3 {[%emt 0:00:00]} b5 {[%emt 0:00:26]} 14. Bd3 {[%emt 0:00:00]} b4 {[%emt 0:00:00]} 15. a4 {[%emt 0:00:00]} Bxd3 {[%emt 0:00:15]} 16. Qxd3 {[%emt 0:00:00]} c5 {[%emt 0:00:01]} 17. Rfd1 {[%emt 0:00:00]} cxd4 {[%emt 0:00:08]} 18. Nxd4 {[%emt 0:00:00]} Qd5 {[%emt 0:00:17]} 19. f4 {[%emt 0:00:00]} Rd8 {[%emt 0:00:16]} 20. Qb5 {[%emt 0:00:00]} Na6 {[%emt 0:00:17]} 21. Qxd5 {[%emt 0:00:00]} Rxd5 {[%emt 0:00:05]} 22. Nc6 {[%emt 0:00:00]} Bc5 {[%emt 0:00:10]} 23. Bxc5 {[%emt 0:00:00]} Rxc5 {[%emt 0:00:00]} 24. Rxc5 {[%emt 0:00:02]} Nxc5 {[%emt 0:00:01]} 25. Nxa5 {[%emt 0:00:03]} Nxa4 {[%emt 0:00:08]} 26. b3 {[%emt 0:00:12]} Nc5 {[%emt 0:00:06]} 27. Nc6 {[%emt 0:00:02]} g6 {[%emt 0:00:07]} 28. Nxb4 {[%emt 0:00:02]} Nxb3 {[%emt 0:00:01]} 29. Nc6 {[%emt 0:00:05]} Kg7 {[%emt 0:00:08]} 30. Rd7 {[%emt 0:00:04]} Nc5 {[%emt 0:00:04]} 31. Rc7 {[%emt 0:00:04]} h5 {[%emt 0:00:10]} 32. g3 {[%emt 0:00:01]} h4 {[%emt 0:00:01]} 33. Nd4 {[%emt 0:00:05]} Rd8 {[%emt 0:00:04]} 34. Rxc5 {[%emt 0:00:02]} Rxd4 {[%emt 0:00:01]} 35. Kg2 {[%emt 0:00:01]} g5 {[%emt 0:00:11]} 36. fxg5 {[%emt 0:00:05]} hxg3 {[%emt 0:00:00]} 37. Kxg3 {[%emt 0:00:01]} Kg6 {[%emt 0:00:04]} 38. h4 {[%emt 0:00:01]} Rd3+ {[%emt 0:00:01]} 39. Kg4 {[%emt 0:00:01]} Rd4+ {[%emt 0:00:00]} 40. Kg3 {[%emt 0:00:00]} Rd3+ {[%emt 0:00:01]} 41. Kg4 {[%emt 0:00:01]} 1/2-1/2

[Event "EWIBCC 2019"]
[Site "Monte-Carlo"]
[Date "2019.11.29"]
[Round "11.18"]
[White "Solozhenkina, Elizaveta"]
[Black "Daulyte-Cornette, Deimante"]
[Result "0-1"]
[WhiteElo "2314"]
[BlackElo "2405"]
[Annotator "NA"]
[PlyCount "57"]
[EventDate "2019.11.29"]
[EventType "swiss"]
[EventCountry "MNC"]
[SourceTitle "playchess.com"]
[Source "ChessBase"]
[SourceQuality "1"]
[TimeControl "180+2"]

1. e4 {[%emt 0:00:00]} Nf6 {[%emt 0:00:00]} 2. e5 {[%emt 0:00:00]} Nd5 {[%emt 0:00:00]} 3. d4 {[%emt 0:00:01]} d6 {[%emt 0:00:01]} 4. c4 {[%emt 0:00:00]} Nb6 {[%emt 0:00:01]} 5. exd6 cxd6 {[%emt 0:00:01]} 6. Nc3 {[%emt 0:00:02]} g6 {[%emt 0:00:02]} 7. Be3 {[%emt 0:00:02]} Bg7 {[%emt 0:00:01]} 8. Rc1 {[%emt 0:00:00]} O-O {[%emt 0:00:03]} 9. b3 {[%emt 0:00:01]} Bf5 {[%emt 0:00:04]} 10. Nf3 {[%emt 0:00:15]} d5 {[%emt 0:00:06]} 11. c5 {[%emt 0:00:12]} Nc8 {[%emt 0:00:02]} 12. h3 {[%emt 0:00:03]} Nc6 {[%emt 0:00:05]} 13. Be2 {[%emt 0:00:08]} Be4 {[%emt 0:00:07]} 14. O-O {[%emt 0:00:15]} Bxf3 {[%emt 0:00:02]} 15. Bxf3 {[%emt 0:00:01]} e6 {[%emt 0:00:01]} 16. Ne2 {[%emt 0:00:52]} N8e7 {[%emt 0:00:13]} 17. g4 {[%emt 0:00:02]} Qd7 {[%emt 0:00:14]} 18. Bg2 {[%emt 0:00:04]} f5 {[%emt 0:00:28]} 19. Qd2 {[%emt 0:00:06]} fxg4 {[%emt 0:00:44]} 20. hxg4 {[%emt 0:00:01]} e5 {[%emt 0:00:03]} 21. f3 {[%emt 0:00:24]} Rf7 {[%emt 0:00:41]} 22. dxe5 {[%emt 0:00:45]} Nxe5 {[%emt 0:00:06]} 23. Nd4 {[%emt 0:00:06]} N7c6 {[%emt 0:00:04]} 24. Rf2 {[%emt 0:00:20]} Raf8 {[%emt 0:00:02]} 25. Rcf1 {[%emt 0:00:00]} Qe7 {[%emt 0:00:11]} 26. Nxc6 {[%emt 0:00:05]} bxc6 {[%emt 0:00:01]} 27. Bd4 {[%emt 0:00:03]} Qh4 {[%emt 0:00:09]} 28. Be3 {[%emt 0:00:04]} Qg3 {[%emt 0:00:05]} 29. Qe1 {[%emt 0:00:06]} 0-1